French secondary schools : (Record no. 19978)

MARC details
000 -LEADER
fixed length control field 00995cam a2200277 a 4500
001 - CONTROL NUMBER
control field e 16000377
003 - CONTROL NUMBER IDENTIFIER
control field DLC
005 - DATE AND TIME OF LATEST TRANSACTION
control field 20260227111206.0
007 - PHYSICAL DESCRIPTION FIXED FIELD--GENERAL INFORMATION
fixed length control field cr_|||||||||||
008 - FIXED-LENGTH DATA ELEMENTS--GENERAL INFORMATION
fixed length control field 780418s1915 nyu 001 0 eng c
010 ## - LIBRARY OF CONGRESS CONTROL NUMBER
LC control number e 16000377
035 ## - SYSTEM CONTROL NUMBER
System control number (OCoLC)ocm03808691
040 ## - CATALOGING SOURCE
Original cataloging agency Library, U. S. Bur. of Education
Transcribing agency NIE
Modifying agency DLC
050 00 - LIBRARY OF CONGRESS CALL NUMBER
Classification number LA695
Item number .A4 1915
100 1# - MAIN ENTRY--PERSONAL NAME
Personal name Farrington, Frederic Ernest,
Dates associated with a name 1872-1930.
245 10 - TITLE STATEMENT
Title French secondary schools :
Remainder of title an account of the origin, development and present organization of secondary education in France /
Statement of responsibility, etc. by Frederic Ernest Farrington.
250 ## - EDITION STATEMENT
Edition statement 2d ed.
260 ## - PUBLICATION, DISTRIBUTION, ETC.
Place of publication, distribution, etc. New York :
Name of publisher, distributor, etc. Longmans, Green,
Date of publication, distribution, etc. 1915.
300 ## - PHYSICAL DESCRIPTION
Extent xii p., 1 ., 454 p.
500 ## - GENERAL NOTE
General note Includes index.
504 ## - BIBLIOGRAPHY, ETC. NOTE
Bibliography, etc. note Bibliography: p. [411]-430.
530 ## - ADDITIONAL PHYSICAL FORM AVAILABLE NOTE
Additional physical form available note Also available in digital form on the Internet Archive Web site.
650 #0 - SUBJECT ADDED ENTRY--TOPICAL TERM
Topical term or geographic name entry element Education
Geographic subdivision France.
650 #0 - SUBJECT ADDED ENTRY--TOPICAL TERM
Topical term or geographic name entry element Education, Secondary.
856 41 - ELECTRONIC LOCATION AND ACCESS
Uniform Resource Identifier <a href="http://hdl.loc.gov/loc.gdc/scd0001.00071247922">http://hdl.loc.gov/loc.gdc/scd0001.00071247922</a>

No items available.

Powered by Koha